[Event "Warsaw YMCA Spring-C 215th"]
[Site "Warsaw"]
[Date "2019.04.25"]
[Round "3"]
[White "Bartczak, Hanna"]
[Black "Matyszkiewicz, Radoslaw"]
[Result "1-0"]
[WhiteElo "1391"]
[BlackElo "1338"]
[PlyCount "34"]
[EventDate "2019.04.10"]
[EventType "tourn"]
[EventRounds "11"]
[EventCountry "POL"]
[SourceTitle "CBM 195 Extra"]
[Source "ChessBase"]
[SourceDate "2020.05.31"]
[SourceVersion "1"]
[SourceVersionDate "2020.05.31"]
[SourceQuality "1"]

1. Nf3 Nf6 2. g3 g6 3. Bg2 Bg7 4. d4 d6 5. c4 0-0 6. Nc3 Nbd7 7. 0-0 e5 8. dxe5 dxe5 9. Qc2 Qe7 10. e4 a5 11. Bg5 h6 12. Nd5 Qd6 13. c5 Qxc5 14. Qxc5 Nxc5 15. Bxf6 Nxe4 16. Bxg7 Kxg7 17. Nxc7 Rb8 1-0

[Event "Warsaw YMCA Winter-D 212th"]
[Site "Warsaw"]
[Date "2019.01.25"]
[Round "1"]
[White "Matyszkiewicz, Radoslaw"]
[Black "Flig, Wojciech"]
[Result "1-0"]
[WhiteElo "1310"]
[BlackElo "1295"]
[PlyCount "45"]
[EventDate "2019.01.08"]
[EventType "tourn"]
[EventRounds "13"]
[EventCountry "POL"]
[SourceTitle "EXT 2021"]
[Source "ChessBase"]
[SourceDate "2020.10.23"]
[SourceVersion "1"]
[SourceVersionDate "2020.10.23"]
[SourceQuality "1"]

1. e4 c5 2. Nf3 d6 3. d4 cxd4 4. Nxd4 Nf6 5. Nc3 a6 6. Bg5 e5 7. Bxf6 Qxf6 8. Nd5 Qd8 9. Nf5 Nc6 10. Qd2 Bxf5 11. exf5 Ne7 12. f6 Nxd5 13. fxg7 Bxg7 14. Qxd5 0-0 15. 0-0-0 Qb6 16. Bc4 Rad8 17. Bb3 Qc6 18. Rd3 e4 19. Rg3 Qxd5 20. Bxd5 Rfe8 21. Bxb7 Rb8 22. Bxa6 Rxb2 23. Rxg7+ 1-0

[Event "Warsaw YMCA Autumn-D 208th"]
[Site "Warsaw"]
[Date "2018.12.04"]
[Round "12"]
[White "Berdyga, Mariusz"]
[Black "Matyszkiewicz, Radoslaw"]
[Result "1-0"]
[WhiteElo "1278"]
[BlackElo "1315"]
[PlyCount "102"]
[EventDate "2018.09.18"]
[EventType "tourn"]
[EventRounds "13"]
[EventCountry "POL"]
[SourceTitle "EXT 2021"]
[Source "ChessBase"]
[SourceDate "2020.10.23"]
[SourceVersion "1"]
[SourceVersionDate "2020.10.23"]
[SourceQuality "1"]

1. e4 d6 2. Nf3 Nf6 3. Nc3 g6 4. Bc4 Bg7 5. 0-0 0-0 6. d3 Nc6 7. Be3 Ng4 8. Bg5 Kh8 9. h3 Nge5 10. Nxe5 Nxe5 11. Bb3 Nc6 12. a4 Nd4 13. Ba2 c6 14. Rc1 f5 15. exf5 Nxf5 16. Qe2 Be5 17. Qd2 d5 18. Rce1 Qd6 19. g4 Nd4 20. f4 Bf6 21. Bxf6+ Qxf6 22. Bxd5 cxd5 23. Nxd5 Qd6 24. Nxe7 Ne6 25. Qc3+ Qd4+ 26. Qxd4+ Nxd4 27. c3 Nc6 28. Nxc6 bxc6 29. Re7 Ba6 30. Rf3 Rfe8 31. Re4 Bb7 32. Rfe3 Rxe4 33. dxe4 Rf8 34. f5 Re8 35. Kf2 Re5 36. Kf3 g5 37. Rd3 Re7 38. b4 Kg7 39. Rd4 Kf6 40. h4 h6 41. Rd6+ Ke5 42. Rxh6 gxh4 43. f6 Rd7 44. g5 Rd3+ 45. Kg4 Rg3+ 46. Kxh4 Kf4 47. f7 Rg4+ 48. Kh3 Rg3+ 49. Kh2 Rxg5 50. f8Q+ Kg4 51. Qf6 Ba6 1-0

[Event "Warsaw YMCA Spring-D 201st"]
[Site "Warsaw"]
[Date "2018.05.08"]
[Round "6"]
[White "Rejniak, Wojciech"]
[Black "Matyszkiewicz, Radoslaw"]
[Result "0-1"]
[WhiteElo "1164"]
[BlackElo "1294"]
[PlyCount "44"]
[EventDate "2018.04.05"]
[EventType "tourn"]
[EventRounds "13"]
[EventCountry "POL"]
[SourceTitle "EXT 2021"]
[Source "ChessBase"]
[SourceDate "2020.10.23"]
[SourceVersion "1"]
[SourceVersionDate "2020.10.23"]
[SourceQuality "1"]

1. Nf3 Nf6 2. d4 g6 3. c4 d6 4. h3 Bg7 5. Nc3 0-0 6. e4 Nbd7 7. Bd3 e5 8. d5 Nc5 9. Bc2 a5 10. 0-0 Nh5 11. g4 Nf4 12. Bxf4 exf4 13. Qd2 f5 14. exf5 gxf5 15. g5 Be5 16. Rae1 Ne4 17. Qd3 Nxg5 18. Nxe5 dxe5 19. Rxe5 Qf6 20. Rfe1 f3 21. Kh2 Qh6 22. Rg1 Qxh3# 0-1

[Event "Warsaw YMCA Spring-D 201st"]
[Site "Warsaw"]
[Date "2018.05.01"]
[Round "5"]
[White "Matyszkiewicz, Radoslaw"]
[Black "Berdyga, Mariusz"]
[Result "1/2-1/2"]
[WhiteElo "1294"]
[BlackElo "1264"]
[PlyCount "77"]
[EventDate "2018.04.05"]
[EventType "tourn"]
[EventRounds "13"]
[EventCountry "POL"]
[SourceTitle "EXT 2021"]
[Source "ChessBase"]
[SourceDate "2020.10.23"]
[SourceVersion "1"]
[SourceVersionDate "2020.10.23"]
[SourceQuality "1"]

1. e4 e5 2. Nf3 Nf6 3. Nxe5 d6 4. Nf3 Nxe4 5. Nc3 Nxc3 6. dxc3 Be7 7. Be3 0-0 8. Qd2 Nc6 9. 0-0-0 Bg4 10. h3 Bxf3 11. gxf3 Re8 12. Bd3 Ne5 13. Be2 Qd7 14. f4 Ng6 15. Bg4 Qa4 16. Kb1 c6 17. Rhg1 d5 18. Bh5 Nh4 19. Bd4 Nf5 20. Be5 Bf8 21. Qd3 Qe4 22. Qxe4 dxe4 23. Rde1 Nd6 24. Rd1 Nc4 25. Rd7 Nxe5 26. fxe5 Re7 27. Rxe7 Bxe7 28. Re1 g6 29. Be2 Bh4 30. Rf1 Re8 31. f4 exf3 32. Bxf3 Rxe5 33. Rd1 Re3 34. Rd3 Re1+ 35. Rd1 Rxd1+ 36. Bxd1 h5 37. Bf3 f5 38. Kc1 Kf7 39. Kd1 1/2-1/2

[Event "Warsaw YMCA Spring-D 201st"]
[Site "Warsaw"]
[Date "2018.04.17"]
[Round "3"]
[White "Matyszkiewicz, Radoslaw"]
[Black "Laszczuk, Zuzanna"]
[Result "1-0"]
[WhiteElo "1294"]
[BlackElo "1209"]
[PlyCount "120"]
[EventDate "2018.04.05"]
[EventType "tourn"]
[EventRounds "13"]
[EventCountry "POL"]
[SourceTitle "EXT 2021"]
[Source "ChessBase"]
[SourceDate "2020.10.23"]
[SourceVersion "1"]
[SourceVersionDate "2020.10.23"]
[SourceQuality "1"]

1. e4 e5 2. Nf3 Nc6 3. Bb5 f5 4. exf5 e4 5. Qe2 Qe7 6. Bxc6 dxc6 7. Nd4 Nf6 8. 0-0 c5 9. Qb5+ Qd7 10. Qxd7+ Bxd7 11. Ne6 Bxe6 12. fxe6 0-0-0 13. Re1 Rd6 14. d3 h6 15. Nc3 Rxe6 16. dxe4 Be7 17. Bd2 Rd8 18. Rad1 g5 19. f3 c6 20. Be3 Nd7 21. Bf2 Rf8 22. a3 h5 23. Bg3 c4 24. Re2 Bc5+ 25. Bf2 g4 26. Bxc5 gxf3 27. Bxf8 fxe2 28. Re1 Nxf8 29. Rxe2 Ng6 30. Rf2 Kd7 31. Rf5 Re5 32. Rxe5 Nxe5 33. h3 b5 34. Kf2 Kd6 35. Ke3 a5 36. Kf4 b4 37. axb4 axb4 38. Nd1 b3 39. c3 Nd3+ 40. Kf5 h4 41. Kg5 Ne1 42. Ne3 Kc5 43. Kxh4 Nc2 44. Nd1 Kd6 45. g4 Ke5 46. Kg5 Kxe4 47. Kf6 Kd3 48. g5 Kd2 49. g6 Kxd1 50. g7 Kc1 51. g8Q Kxb2 52. Qxc4 Na3 53. Qxc6 Ka2 54. h4 b2 55. Qd5+ Ka1 56. Qb3 b1Q 57. Qxb1+ Kxb1 58. h5 Kc2 59. h6 Kxc3 60. h7 Nb5 1-0

[Event "Warsaw YMCA Spring-D 201st"]
[Site "Warsaw"]
[Date "2018.04.10"]
[Round "2"]
[White "Derylo, Adam"]
[Black "Matyszkiewicz, Radoslaw"]
[Result "1-0"]
[WhiteElo "1336"]
[BlackElo "1294"]
[PlyCount "67"]
[EventDate "2018.04.05"]
[EventType "tourn"]
[EventRounds "13"]
[EventCountry "POL"]
[SourceTitle "EXT 2021"]
[Source "ChessBase"]
[SourceDate "2020.10.23"]
[SourceVersion "1"]
[SourceVersionDate "2020.10.23"]
[SourceQuality "1"]

1. e4 c5 2. Nf3 Nc6 3. Bb5 Nf6 4. Bxc6 bxc6 5. Nc3 d5 6. e5 Nd7 7. d3 e6 8. 0-0 Be7 9. Na4 0-0 10. c4 f6 11. Re1 fxe5 12. Nxe5 Nxe5 13. Rxe5 Bf6 14. Re1 Qd6 15. Be3 d4 16. Bd2 Be5 17. Qh5 Rf5 18. Qh4 Bf6 19. Qe4 Be5 20. Qh4 Bf6 21. Qe4 e5 22. g4 Bg5 23. gxf5 Bxd2 24. Qxe5 Qxe5 25. Rxe5 Bf4 26. Re8+ Kf7 27. Rae1 Bd6 28. Rh8 Be7 29. Nxc5 Bxc5 30. Ree8 Bb7 31. Rxa8 Bxa8 32. Rxa8 Kf6 33. Rc8 Kxf5 34. Rxc6 1-0

[Event "Warsaw YMCA Autumn-D 193rd"]
[Site "Warsaw"]
[Date "2017.11.28"]
[Round "11"]
[White "Wyczesany, Dariusz"]
[Black "Matyszkiewicz, Radoslaw"]
[Result "1-0"]
[WhiteElo "1323"]
[BlackElo "1314"]
[PlyCount "67"]
[EventDate "2017.09.19"]
[EventType "tourn"]
[EventRounds "13"]
[EventCountry "POL"]
[SourceTitle "EXT 2019"]
[Source "ChessBase"]
[SourceDate "2018.10.10"]
[SourceVersion "1"]
[SourceVersionDate "2018.10.10"]
[SourceQuality "1"]

1. f4 d6 2. Nf3 Nf6 3. g3 g6 4. Bg2 Bg7 5. 0-0 0-0 6. d4 Nc6 7. d5 Nb4 8. c4 a5 9. Nc3 Bf5 10. Nd4 Bd7 11. e4 c5 12. Ndb5 Ne8 13. Qe2 f5 14. e5 dxe5 15. fxe5 Nc7 16. Bf4 Nba6 17. Rad1 Nxb5 18. cxb5 Nb8 19. d6 e6 20. Bxb7 Ra7 21. Bg2 a4 22. Qc4 a3 23. Qxc5 Qa5 24. b4 Rc8 25. Qxc8+ Bxc8 26. bxa5 Rxa5 27. Bc6 Nd7 28. Rf3 g5 29. Bxg5 Bxe5 30. Bd8 Ra7 31. Nb1 Ra4 32. Rxa3 Rxa3 33. Nxa3 f4 34. Nc4 1-0

[Event "Warsaw YMCA Autumn-D 193rd"]
[Site "Warsaw"]
[Date "2017.09.28"]
[Round "2"]
[White "Derylo, Adam"]
[Black "Matyszkiewicz, Radoslaw"]
[Result "1-0"]
[WhiteElo "1299"]
[BlackElo "1314"]
[PlyCount "29"]
[EventDate "2017.09.19"]
[EventType "tourn"]
[EventRounds "13"]
[EventCountry "POL"]
[SourceTitle "EXT 2019"]
[Source "ChessBase"]
[SourceDate "2018.10.10"]
[SourceVersion "1"]
[SourceVersionDate "2018.10.10"]
[SourceQuality "1"]

1. e4 c5 2. Nf3 e6 3. d4 cxd4 4. Nxd4 a6 5. Nc3 Qc7 6. Be3 Nc6 7. Qf3 Nf6 8. 0-0-0 b5 9. Bf4 e5 10. Bg3 Bb7 11. Nf5 g6 12. Nd6+ Ke7 13. Nd5+ Nxd5 14. Qxf7+ Kd8 15. Qe8# 1-0

[Event "Warsaw YMCA Spring-D 185th"]
[Site "Warsaw"]
[Date "2017.05.05"]
[Round "5"]
[White "Matyszkiewicz, Radoslaw"]
[Black "Oles, Jan"]
[Result "1/2-1/2"]
[WhiteElo "1352"]
[BlackElo "1249"]
[PlyCount "60"]
[EventDate "2017.04.06"]
[EventType "tourn"]
[EventRounds "13"]
[EventCountry "POL"]
[SourceTitle "EXT 2019"]
[Source "ChessBase"]
[SourceDate "2018.10.10"]
[SourceVersion "1"]
[SourceVersionDate "2018.10.10"]
[SourceQuality "1"]

1. e4 e6 2. d3 Bc5 3. Nf3 Nc6 4. g3 h6 5. Bg2 d5 6. d4 dxe4 7. dxc5 Qxd1+ 8. Kxd1 exf3 9. Bxf3 Nf6 10. c3 Ne5 11. Be2 Bd7 12. Bf4 Bc6 13. Rf1 0-0-0+ 14. Nd2 Nd3 15. Bxd3 Rxd3 16. Kc2 Rhd8 17. Rad1 Bg2 18. Rg1 Bh3 19. f3 Bf5 20. Kc1 R8d5 21. Rge1 Rxc5 22. Be3 Ra5 23. a3 Nd5 24. Bd4 c5 25. Bxg7 Ne3 26. Rxe3 Rxe3 27. Nc4 Re2 28. Nxa5 Rc2+ 29. Kb1 Rd2+ 30. Kc1 Rc2+ 1/2-1/2

[Event "Warsaw YMCA Spring-D 185th"]
[Site "Warsaw"]
[Date "2017.04.14"]
[Round "1"]
[White "Matyszkiewicz, Radoslaw"]
[Black "Kuznik, Kamil"]
[Result "0-1"]
[WhiteElo "1352"]
[BlackElo "1298"]
[PlyCount "138"]
[EventDate "2017.04.06"]
[EventType "tourn"]
[EventRounds "13"]
[EventCountry "POL"]
[SourceTitle "EXT 2019"]
[Source "ChessBase"]
[SourceDate "2018.10.10"]
[SourceVersion "1"]
[SourceVersionDate "2018.10.10"]
[SourceQuality "1"]

1. e4 e5 2. Nf3 Nf6 3. Nxe5 d6 4. Nf3 Nxe4 5. d3 Nf6 6. Be2 Be7 7. 0-0 0-0 8. Re1 Nc6 9. d4 d5 10. Nbd2 Bf5 11. a3 Ne4 12. c3 Re8 13. Bb5 Bf6 14. Ne5 Bxe5 15. dxe5 Qe7 16. Ba4 Qc5 17. Qe2 Rxe5 18. Nb3 Qb6 19. Be3 d4 20. cxd4 Rd5 21. Rad1 Rad8 22. g4 Bg6 23. Nc5 Nxd4 24. Bxd4 Rxd4 25. Nxe4 Bxe4 26. Bc2 Bc6 27. h3 Qc5 28. Qe3 h5 29. Rxd4 Qxd4 30. Qxd4 Rxd4 31. gxh5 Rd2 32. Rc1 Rd5 33. Bd1 Rg5+ 34. Bg4 Rb5 35. b4 a5 36. bxa5 Rxa5 37. Rc3 Rd5 38. f4 Rd2 39. Rg3 Kf8 40. Bf5 Bd7 41. Be4 b6 42. f5 Rd4 43. Bc2 Rf4 44. Rg5 f6 45. Rg6 Bxf5 46. Bxf5 Rxf5 47. h6 gxh6 48. Rxh6 Kg7 49. Rh4 c5 50. a4 Rf3 51. Rg4+ Kh6 52. Kg2 Rb3 53. Rf4 Kg5 54. Re4 Rb4 55. Re6 f5 56. Kf3 c4 57. Rc6 Rxa4 58. Rxb6 Ra3+ 59. Kg2 c3 60. Rb1 c2 61. Rc1 Rc3 62. Kf1 Kh4 63. Ke1 Kxh3 64. Kd2 Rc6 65. Ke3 Kg2 66. Kd3 f4 67. Kd2 f3 68. Re1 f2 69. Re2 c1Q+ 0-1

[Event "Warsaw YMCA Winter-D 182nd"]
[Site "Warsaw"]
[Date "2017.03.02"]
[Round "7"]
[White "Derylo, Maksymilian"]
[Black "Matyszkiewicz, Radoslaw"]
[Result "0-1"]
[WhiteElo "1071"]
[BlackElo "1269"]
[PlyCount "82"]
[EventDate "2017.01.10"]
[EventType "tourn"]
[EventRounds "13"]
[EventCountry "POL"]
[SourceTitle "EXT 2019"]
[Source "ChessBase"]
[SourceDate "2018.10.10"]
[SourceVersion "1"]
[SourceVersionDate "2018.10.10"]
[SourceQuality "1"]

1. d4 Nf6 2. c4 g6 3. Nf3 Bg7 4. Nc3 d6 5. Bg5 h6 6. Bh4 0-0 7. e3 Nbd7 8. Bd3 c5 9. Qc2 cxd4 10. exd4 a6 11. 0-0 Qc7 12. Rfe1 Re8 13. Rad1 e5 14. d5 Nc5 15. Bxf6 Nxd3 16. Qxd3 Bxf6 17. Ne4 Bg7 18. Rc1 b6 19. b4 f5 20. Nxd6 Qxd6 21. c5 bxc5 22. bxc5 Qd8 23. d6 e4 24. Qd5+ Be6 25. Qd2 exf3 26. c6 Qg5 27. Qxg5 hxg5 28. d7 Bxd7 29. cxd7 Red8 30. Rc7 fxg2 31. Kxg2 Kf7 32. Kf3 Bf6 33. Re3 Rh8 34. Ke2 a5 35. Kd3 Rhd8 36. Kc4 Ra6 37. Kd5 Be7 38. Rh3 Rd6+ 39. Ke5 Kg7 40. Rc8 R6xd7 41. Ke6 Bf6 0-1

[Event "Warsaw YMCA Winter-D 182nd"]
[Site "Warsaw"]
[Date "2017.02.07"]
[Round "10"]
[White "Matyszkiewicz, Radoslaw"]
[Black "Piotrowski, Michal"]
[Result "0-1"]
[WhiteElo "1269"]
[BlackElo "1172"]
[PlyCount "114"]
[EventDate "2017.01.10"]
[EventType "tourn"]
[EventRounds "13"]
[EventCountry "POL"]
[SourceTitle "EXT 2019"]
[Source "ChessBase"]
[SourceDate "2018.10.10"]
[SourceVersion "1"]
[SourceVersionDate "2018.10.10"]
[SourceQuality "1"]

1. e4 e5 2. Nf3 Nc6 3. Bb5 Nf6 4. 0-0 Nxe4 5. Re1 Nd6 6. Nxe5 Nxe5 7. Rxe5+ Be7 8. Ba4 0-0 9. d4 Nc4 10. Re1 d5 11. Nd2 Nd6 12. c3 Bg5 13. Nf3 Bxc1 14. Qxc1 Bd7 15. Bc2 Bf5 16. Bxf5 Nxf5 17. Re5 Qd7 18. Qg5 g6 19. Qf4 f6 20. Re2 Rae8 21. Rae1 Rxe2 22. Rxe2 Kf7 23. g4 Qd6 24. Qd2 Ng7 25. Nh4 Qd7 26. h3 Re8 27. Ng2 Rxe2 28. Qxe2 Ne6 29. a3 Qd6 30. h4 Nf4 31. Nxf4 Qxf4 32. Kg2 f5 33. f3 fxg4 34. fxg4 h6 35. Qf3 Qxf3+ 36. Kxf3 g5 37. hxg5 hxg5 38. Ke3 Ke7 39. b4 b5 40. Kd3 Kd6 41. Kc2 Kc6 42. Kb3 Kb6 43. a4 bxa4+ 44. Kxa4 a6 45. Ka3 Kb5 46. Kb3 a5 47. bxa5 Kxa5 48. c4 c6 49. Kc3 Ka4 50. c5 Ka3 51. Kc2 Kb4 52. Kd3 Kb3 53. Kd2 Kc4 54. Ke3 Kc3 55. Kf3 Kxd4 56. Ke2 Kxc5 57. Ke3 Kc4 0-1

[Event "Warsaw YMCA Autumn-E 178th"]
[Site "Warsaw"]
[Date "2016.11.29"]
[Round "11"]
[White "Majek, Waldemar"]
[Black "Matyszkiewicz, Radoslaw"]
[Result "1/2-1/2"]
[WhiteElo "1163"]
[BlackElo "1227"]
[PlyCount "83"]
[EventDate "2016.09.19"]
[EventType "tourn"]
[EventRounds "13"]
[EventCountry "POL"]
[SourceTitle "EXT 2019"]
[Source "ChessBase"]
[SourceDate "2018.10.10"]
[SourceVersion "1"]
[SourceVersionDate "2018.10.10"]
[SourceQuality "1"]

1. d4 Nf6 2. Nf3 g6 3. Bf4 Bg7 4. e3 d6 5. h3 Nh5 6. Bh2 f5 7. Bc4 d5 8. Bb3 0-0 9. Nbd2 Nc6 10. Qe2 Kh8 11. 0-0-0 Nf6 12. Bf4 Re8 13. Ng5 Kg8 14. e4 e5 15. dxe5 Nxe5 16. Qf1 h6 17. Ngf3 Nxe4 18. Nxe4 c6 19. Ned2 a5 20. Nxe5 Bxe5 21. Bxe5 Rxe5 22. Re1 Rxe1+ 23. Qxe1 a4 24. Bxd5+ cxd5 25. a3 Kf7 26. Qe5 Ra5 27. Qd4 Qe8 28. Nf3 Kg8 29. Re1 Qf8 30. Qb6 Ra6 31. Qc7 Rc6 32. Qe5 Rd6 33. Nd4 Rd8 34. Nb5 Qg7 35. Qf4 d4 36. h4 g5 37. hxg5 hxg5 38. Qg3 f4 39. Qd3 Qf6 40. Rh1 Bf5 41. Qc4+ Kg7 42. Rd1 1/2-1/2